000 01369nam0a2200337 4500
001 RU\NLR\bibl\816544
005 20260405081653.0
010 _a5-9579-0069-9
_bв обл.
_93000
021 _aRU
_b2005-12644
_9646
035 _aRSL-KNO-002576311
035 _a(NLR Aleph) 000805566
090 _a1208506
_c1208506
100 _a20050309d2005 |||y0rusy50 ca
101 0 _arus
102 _aRU
105 _aa |||||||||
106 _ar
200 1 _aArchiCAD 9: новые возможности
_fС. Титов
210 _aМ.
_cКУДИЦ-ОБРАЗ
_d2005
_gОАО Щербинская тип.
215 _a127 с.
_cил.
_d21
606 1 _aARCHICAD 9.0, система автоматизированного проектирования
_92389660
_3RU\NLR\auth\661425193
610 0 _aСтроительство -- Архитектурно-строительное проектирование -- Автоматизация -- Справочник
686 _aН2-5-05я22
_2rubbk
686 _aН22-5-05
700 1 _4070
_8rus
_7ca
_aТитов
_bС. А.
_cинформ. технологии, архитектура
_gСергей Александрович
_3RU\NLR\auth\7728526
_911557
801 0 _aRU
_bRuMoRKP
_c20050309
_grcr
801 1 _aRU
_bRuMoRGB
_c20050309
801 2 _aRU
_bNLR
_c20050707
_gPSBO
942 _cBOOK
980 _aNB